Biggest Airplanes by Manufacturer. - Statistics

General Stats
  • This quiz has been taken 160 times
  • The average score is 8 of 10
Answer Stats
Hint Answer % Correct
Boeing-commercial 747-8
92%
Airbus-commercial A380
92%
Antonov AN-225
85%
Stratolaunch LLC Stratolaunch ROC
82%
Tupolev TU-160
80%
Airbus-military A400
75%
Ilyushin IL-76
75%
McDonell douglas MD-11
75%
Boeing-military C-17
62%
Lockheed C-5
32%
No matching quizzes found
Score Distribution
Percent of People with Each Score
Percentile by Number Answered
Your Score History
You have not taken this quiz